00873nam a2200265 4500003000400000005001700004008004100021020001600062040001800078041000800096050001600104100006300120245011500183264008700298300002800385336002200413337002400435338002400459490003300483650001200516650001300528650003400541942001500575999001700590OSt20260530115316.0260506b2003 mx a|||| |||| 00| 0 spa d a 9709197258 aICIbspacICI aspa4 aTS195bR6271 aRodríguez, Tarango, José Antonio,ecoordinador 93366510aDiplomado en ingeniería y diseño de envases y embalajes /ccoordinador José Antonio Rodríguez Tarango 1 aMéxico, D.F. :bInstituto Mexicano de Profesionales en Envase y Embalaje ,c2003 atomos : bIlustraciones 2rdacontentatexto 2rdamediaasin medio 2rdacarrieravolumen0 aenciclopedia IMPEE; vTomo 1 4aEnvases 4aEnvasado 4aEnvasado para embarque933668 2lccn1cBK c13584d13584